Sports Quiz

Random Sports or Europe Quiz

European NBA Players (Slideshow) Quiz Stats

Quiz not verified by Sporcle

Challenge
Share
Tweet
Score 0/61 Timer 15:00
0 Plays Today
% Correct
Dirk Nowitzki
96.8%
Marc Gasol
95.4%
Pau Gasol
95.4%
Ricky Rubio
94.3%
Joakim Noah
93.6%
Tony Parker
92.9%
Luol Deng
89.4%
Andrei Kirilenko
88%
Chris Kaman
87.3%
Hedo Türkoğlu
87.3%
Serge Ibaka
87.3%
Marcin Gortat
84.8%
Enes Kanter
82.7%
Boris Diaw
82.7%
Nicolas Batum
82.3%
Ersan İlyasova
82%
Nikola Peković
80.9%
Goran Dragić
80.2%
José Calderón
80.2%
Andrea Bargnani
79.5%
Ömer Aşık
79.2%
Marco Belinelli
77.7%
Danilo Gallinari
73.9%
Ronny Turiaf
72.8%
Jonas Valančiūnas
72.4%
Nikola Vučević
70.7%
Thabo Sefolosha
69.6%
Zaza Pachulia
66.8%
Ben Gordon
66.4%
Timofey Mozgov
65%
Andris Biedriņš
62.5%
% Correct
Giannis Antetokounmpo
62.2%
Dennis Schröder
61.1%
Jonas Jerebko
60.4%
Evan Fournier
60.1%
Alexey Shved
60.1%
Ian Mahinmi
58.7%
Pero Antić
58.7%
Mirza Teletović
58%
Kosta Koufos
58%
Alex Len
56.2%
Jan Veselý
54.8%
Nando de Colo
53.7%
Rudy Gobert
53%
Alexis Ajinça
52.4%
Beno Udrih
49.8%
Kevin Seraphin
44.5%
Byron Mullens
42.8%
Nick Calathes
42.4%
Donatas Motiejūnas
42%
Luigi Datome
41.3%
Jeffery Taylor
40.3%
Joel Freeland
37.5%
Víctor Claver
35.7%
Nemanja Nedović
33.2%
Miroslav Raduljica
29.3%
Ognjen Kuzmić
24.5%
Tornike Shengelia
23.7%
Sergey Karasev
23.3%
Vyacheslav Kravtsov
15.9%
Tim Ohlbrecht
5.7%

You're not logged in!

Compare scores with friends on all Sporcle quizzes.
Sign Up with Email
OR
Log In

You Might Also Like...

Show Comments

Extras

Top Quizzes Today


Score Distribution

Your Account Isn't Verified!

In order to create a playlist on Sporcle, you need to verify the email address you used during registration. Go to your Sporcle Settings to finish the process.